000 00402nam a22001577a 4500
003 SGT
020 _a9788131262436
082 _a611
_bG18V
100 _aVishram Singh
245 _aGeneral Anatomy with Systemic Anatomy, Radiological Anatomy, Medical Genetics
250 _a3RD
260 _aNEW DELHI
_bElsevier India
_c2018
300 _a1-248
650 _aGeneral Anatomy
942 _2ddc
_cBK
_04
999 _c20908
_d20908